[Event "Sygnity Ekstraliga 2016"]
[Site "Gorzow Wlkp. - Wroclaw - Katowice"]
[Date "1899-12-30"]
[Round "4.15"]
[White "Dragun, Kamil"]
[Black "Plichta, Kamil"]
[Result "1/2-1/2"]
[WhiteTitle "GM"]
[BlackTitle "FM"]
[WhiteElo "2599"]
[BlackElo "2336"]

1. e4 c5 2. Nf3 d6 3. d4 cxd4 4. Nxd4 Nf6 5. Nc3 g6 6. Be3 Bg7 7. f3 O-O 8. Qd2
Nc6 9. O-O-O d5 10. exd5 Nxd5 11. Nxc6 bxc6 12. Bd4 Bxd4 13. Qxd4 Qb6 14. Na4
Qc7 15. Bc4 Rd8 16. g4 Be6 17. Nc5 Nf4 18. Nxe6 Nxe6 19. Qe3 Nf4 20. h4 h6 21.
b3 e6 22. Kb2 Rac8 23. Qc5 Kg7 24. g5 h5 25. Rhe1 Nd5 26. Rd3 Rd7 27. a4 Rcd8
28. Re4 Kg8 29. a5 Rb8 30. f4 Rbd8 31. Rdd4 Ne7 32. Rxd7 Qxd7 33. Bd3 Nf5 34.
Rb4 Nxh4 35. a6 Qc7 36. Be4 Nf5 37. Qe5 Nd6 38. Bxg6 fxg6 39. Rb7 Nc4+ 40. bxc4
Qxe5+ 41. fxe5 Ra8 42. Kc3 c5 43. Kd3 h4 44. Ke4 Rf8 45. Rxa7 h3 46. Rb7 h2 47.
Rb1 Ra8 48. Rh1 Rxa6 49. Rxh2 Ra4 50. Kd3 Ra1 51. Rf2 Re1 52. Rf6 1/2-1/2

[Event "Sygnity Ekstraliga 2016"]
[Site "Gorzow Wlkp. - Wroclaw - Katowice"]
[Date "1899-12-30"]
[Round "4.16"]
[White "Brodowski, Piotr"]
[Black "Krasenkow, Michal"]
[Result "0-1"]
[WhiteTitle "m"]
[BlackTitle "GM"]
[WhiteElo "2453"]
[BlackElo "2610"]

1. Nf3 d6 2. d4 Bg4 3. c4 Nd7 4. Nc3 e5 5. g3 c6 6. Bg2 Be7 7. O-O Ngf6 8. h3 Bxf3
9. exf3 O-O 10. f4 exd4 11. Qxd4 Re8 12. Be3 Bf8 13. Rad1 a5 14. f5 a4 15. g4
Nc5 16. Rfe1 Nfd7 17. g5 Re5 18. Qg4 Qe7 19. Rf1 Rxe3 20. fxe3 a3 21. Ne4 Nxe4
22. Bxe4 Nc5 23. Bb1 Qxe3+ 24. Kh1 axb2 25. g6 Ra3 26. gxf7+ Kxf7 27. Qh5+ Kg8
28. f6 g6 29. Bxg6 hxg6 30. Qxg6+ Kh8 31. Rf2 Rxa2 32. Rf5 Qxh3+ 33. Kg1 b1=Q
34. Rxb1 Qh2+ 35. Kf1 Qh1+ 36. Qg1 Qh3+ 37. Ke1 Qc3+ 0-1

[Event "Sygnity Ekstraliga 2016"]
[Site "Gorzow Wlkp. - Wroclaw - Katowice"]
[Date "1899-12-30"]
[Round "4.19"]
[White "Tomczak, Jacek"]
[Black "Navara, David"]
[Result "1/2-1/2"]
[WhiteTitle "GM"]
[BlackTitle "GM"]
[WhiteElo "2588"]
[BlackElo "2744"]

1. e4 c6 2. d4 d5 3. Nc3 dxe4 4. Nxe4 Bf5 5. Ng3 Bg6 6. h4 h6 7. Nf3 Nd7 8. h5
Bh7 9. Bd3 Bxd3 10. Qxd3 e6 11. Bd2 Ngf6 12. O-O-O Be7 13. Kb1 O-O 14. Ne4 c5
15. g4 Nxg4 16. Qe2 Qb6 17. Ne5 Ndxe5 18. dxe5 f5 19. exf6 Nxf6 20. Rdg1 Nxe4
21. Qxe4 Bf6 22. b3 c4 23. Bxh6 cxb3 24. axb3 Rf7 25. Bc1 Qxf2 26. Bb2 Bxb2 27.
Kxb2 Rd8 28. Rg6 Qf5 29. Qxe6 Qxe6 30. Rxe6 Kh7 31. Re5 Rd2 32. Rc5 b6 33. Rc8
Rd5 34. Rh4 a5 35. Rh2 Rg5 36. c4 b5 37. Ka3 Rff5 38. Rh3 Rxh5 39. Rxh5+ Rxh5
40. Rb8 bxc4 41. bxc4 Rh4 42. Kb3 a4+ 43. Kb4 Rh1 44. Ra8 Rb1+ 45. Kc3 Rc1+ 46.
Kb4 Rb1+ 47. Kc3 Rc1+ 48. Kb4 Rb1+ 1/2-1/2

[Event "Sygnity Ekstraliga 2016"]
[Site "Gorzow Wlkp. - Wroclaw - Katowice"]
[Date "1899-12-30"]
[Round "4.20"]
[White "Areshchenko, Alexander"]
[Black "Olszewski, Michal"]
[Result "1-0"]
[WhiteTitle "GM"]
[BlackTitle "GM"]
[WhiteElo "2654"]
[BlackElo "2548"]

1. e4 e5 2. Nf3 Nc6 3. Bc4 Nf6 4. d3 Be7 5. O-O O-O 6. Re1 d6 7. a4 Na5 8. Ba2
c5 9. c3 Nc6 10. Nbd2 Be6 11. Bxe6 fxe6 12. Nc4 Qd7 13. Bd2 Bd8 14. b4 cxb4 15.
cxb4 Bc7 16. b5 Ne7 17. Bb4 Ng6 18. d4 exd4 19. e5 Nd5 20. Bxd6 Bxd6 21. exd6
Rf4 22. Nxd4 Nc3 23. Qd3 e5 24. Nb3 Qf7 25. Nbd2 Rxf2 26. Qxc3 Nh4 27. Ne3 Rf8
28. Rf1 Kh8 29. d7 Rf4 30. Qxe5 Ng6 31. Qd6 Rd8 32. Rxf4 Qxf4 33. Qxf4 Nxf4 34.
g3 1-0

[Event "Sygnity Ekstraliga 2016"]
[Site "Gorzow Wlkp. - Wroclaw - Katowice"]
[Date "1899-12-30"]
[Round "4.21"]
[White "Czarnota, Pawel"]
[Black "Miton, Kamil"]
[Result "1/2-1/2"]
[WhiteTitle "GM"]
[BlackTitle "GM"]
[WhiteElo "2537"]
[BlackElo "2614"]

1. e4 e5 2. Nf3 Nc6 3. Bb5 a6 4. Ba4 Nf6 5. O-O Be7 6. Re1 b5 7. Bb3 d6 8. c3 O-O
9. h3 Nb8 10. d4 Nbd7 11. Nbd2 Bb7 12. Bc2 Re8 13. a4 Bf8 14. Bd3 c6 15. b3 g6
16. Ba3 Nh5 17. Bf1 Nf4 18. g3 Ne6 19. axb5 axb5 20. dxe5 Nxe5 21. Nxe5 dxe5 22.
Bxf8 Rxf8 23. Nf3 Rxa1 24. Qxa1 f6 25. Rd1 Qc7 26. b4 Kg7 27. h4 Rd8 28. Rxd8
Qxd8 29. Qa7 Qa8 30. Qb6 Qa6 31. Qxa6 Bxa6 32. Ne1 1/2-1/2

[Event "Sygnity Ekstraliga 2016"]
[Site "Gorzow Wlkp. - Wroclaw - Katowice"]
[Date "1899-12-30"]
[Round "4.22"]
[White "Gajewski, Grzegorz"]
[Black "Warakomski, Tomasz"]
[Result "0-1"]
[WhiteTitle "GM"]
[BlackTitle "IM"]
[WhiteElo "2610"]
[BlackElo "2486"]

1. d4 Nf6 2. c4 e6 3. Nf3 Bb4+ 4. Nbd2 O-O 5. a3 Be7 6. e4 d5 7. e5 Nfd7 8. Bd3
c5 9. h4 g6 10. O-O Nc6 11. Re1 cxd4 12. Nb3 dxc4 13. Bxc4 Qc7 14. Bh6 Rd8 15.
Qe2 d3 16. Qe4 b5 17. Bxd3 Bb7 18. Rac1 Ndxe5 19. Nxe5 Qxe5 20. Rxc6 Qxe4 21.
Bxe4 Bxc6 22. Bxc6 Rac8 23. Na5 Bxh4 24. Be3 Bf6 25. b4 Rd3 26. Bxb5 Rxa3 27.
Nc4 Rb3 28. Nd6 Rd8 29. Bc5 Be7 30. Nb7 Rb8 31. Na5 Bxc5 32. Nxb3 Bxb4 33. Ra1
Rxb5 34. Rxa7 Bc3 0-1

[Event "Sygnity Ekstraliga 2016"]
[Site "Gorzow Wlkp. - Wroclaw - Katowice"]
[Date "1899-12-30"]
[Round "4.23"]
[White "Szelag, Marcin"]
[Black "Socko, Bartosz"]
[Result "0-1"]
[WhiteTitle "IM"]
[BlackTitle "GM"]
[WhiteElo "2441"]
[BlackElo "2594"]

1. e4 e5 2. Nf3 Nc6 3. Bb5 a6 4. Ba4 Nf6 5. O-O Be7 6. Re1 d6 7. c3 Bg4 8. d3 Nd7
9. b4 O-O 10. Nbd2 b5 11. Bb3 a5 12. Bd5 Ra6 13. bxa5 Nxa5 14. a4 bxa4 15. Qxa4
c6 16. Ba2 Qa8 17. Qc2 Nb7 18. h3 Bh5 19. g4 Bg6 20. Nf1 Nbc5 21. Re2 Nxd3 22.
Qxd3 Nc5 23. Qe3 Nxe4 24. Ng3 Nxg3 25. fxg3 Kh8 26. Kh2 f5 27. gxf5 Rxf5 28. g4
Rf8 29. Ng5 Rf1 30. Ne6 c5 31. Rg2 Be4 32. Nc7 Qc6 33. Rb2 Ra4 34. Rb8+ Bf8 35.
Ne6 Ra8 36. Nd8 Qa4 37. Nf7+ Rxf7 38. Rxa8 Bxa8 39. Bxf7 Qxa1 40. Qg5 Qxc3 41.
Be3 Qb2+ 42. Kg3 Qb7 43. Qf5 Qg2+ 44. Kh4 Qf3 45. Bg5 h6 46. Bd8 g5+ 47. Kh5 Qxf5
48. gxf5 Kg7 0-1

[Event "Sygnity Ekstraliga 2016"]
[Site "Gorzow Wlkp. - Wroclaw - Katowice"]
[Date "1899-12-30"]
[Round "4.24"]
[White "Socko, Monika"]
[Black "Warakomska, Anna"]
[Result "1-0"]
[WhiteTitle "GM"]
[BlackTitle "WIM"]
[WhiteElo "2467"]
[BlackElo "2300"]

1. d4 d5 2. c4 c6 3. e3 Nf6 4. Nf3 Bf5 5. Nc3 e6 6. Nh4 Be4 7. f3 Bg6 8. Nxg6 hxg6
9. g3 Bd6 10. Kf2 Nbd7 11. Kg2 Qe7 12. Qb3 Rb8 13. Bd2 dxc4 14. Bxc4 e5 15. a4
Nb6 16. Bd3 exd4 17. exd4 Qd7 18. Rae1+ Kf8 19. Ne4 Nxe4 20. fxe4 Qh3+ 21. Kf2
Qg4 22. Re3 c5 23. a5 Nd7 24. Qd5 Qe6 25. Qxe6 fxe6 26. e5 Bc7 27. Rf3+ Kg8 28.
Bc4 Re8 29. Bb5 cxd4 30. Bxd7 Re7 31. Bb5 Bxe5 32. Bd3 1-0

[Event "Sygnity Ekstraliga 2016"]
[Site "Gorzow Wlkp. - Wroclaw - Katowice"]
[Date "1899-12-30"]
[Round "4.26"]
[White "Sliwerski, Radoslaw"]
[Black "Dziuba, Marcin"]
[Result "0-1"]
[WhiteTitle "k++"]
[BlackTitle "GM"]
[WhiteElo "2089"]
[BlackElo "2566"]

1. d4 f5 2. c4 Nf6 3. Nc3 d6 4. Nf3 g6 5. g3 Bg7 6. Bg2 O-O 7. O-O c6 8. Qb3 Na6
9. Rd1 Kh8 10. Qa3 Nc7 11. d5 Bd7 12. c5 Ncxd5 13. cxd6 exd6 14. Qxd6 Qe8 15.
Bg5 Ne4 16. Nxe4 fxe4 17. Nh4 Bxb2 18. Be7 Bxa1 19. Rxd5 cxd5 20. Bxf8 Qe6 21.
Bf1 Kg8 22. Qxe6+ Bxe6 23. Bh6 Rc8 24. e3 Rc1 0-1

[Event "Sygnity Ekstraliga 2016"]
[Site "Gorzow Wlkp. - Wroclaw - Katowice"]
[Date "1899-12-30"]
[Round "4.27"]
[White "Weichhold, Pawel"]
[Black "Cyborowski, Lukasz"]
[Result "1/2-1/2"]
[WhiteTitle "IM"]
[BlackTitle "GM"]
[WhiteElo "2395"]
[BlackElo "2518"]

1. e4 c5 2. Nf3 Nc6 3. Nc3 e6 4. d4 cxd4 5. Nxd4 Qc7 6. Be3 Nf6 7. f4 Bb4 8. Ndb5
Qa5 9. e5 Nd5 10. Bd2 Nxc3 11. Bxc3 Bxc3+ 12. Nxc3 O-O 13. Qd2 f6 14. exf6 Rxf6
15. g3 d5 16. Bg2 Bd7 17. O-O Be8 18. Rae1 Bg6 19. Bh3 Qc5+ 20. Kh1 Qd4 21. Rf2
Re8 22. Rd1 Qb4 23. f5 Bxf5 24. Bxf5 Rxf5 25. Rxf5 exf5 26. Qxd5+ Kh8 27. Qxf5
Qxb2 28. Qf7 Rg8 29. Qb3 Qxb3 30. cxb3 Re8 31. Rd2 Kg8 1/2-1/2

[Event "Sygnity Ekstraliga 2016"]
[Site "Gorzow Wlkp. - Wroclaw - Katowice"]
[Date "1899-12-30"]
[Round "4.28"]
[White "Nurkiewicz, Maciej"]
[Black "Jakubiec, Artur"]
[Result "1/2-1/2"]
[WhiteTitle "m"]
[BlackTitle "GM"]
[WhiteElo "2378"]
[BlackElo "2515"]

1. e4 c6 2. d4 d5 3. Nc3 dxe4 4. Nxe4 Nf6 5. Nxf6+ gxf6 6. c3 h5 7. h4 Bf5 8. Ne2
Nd7 9. Nf4 e5 10. dxe5 fxe5 11. Nxh5 Bg6 12. Be2 Be7 13. Be3 Nb6 14. Qxd8+ Rxd8
15. Bxb6 axb6 16. g4 b5 17. a3 Rd6 18. Rd1 Rxd1+ 19. Kxd1 Kd8 20. Ke1 Kc7 21.
Rh3 f5 22. Ng3 f4 23. Nf5 Bxf5 24. gxf5 Bxh4 25. Bg4 e4 26. f6 Kd6 27. f7 Ke7
28. Ke2 Kxf7 29. Bf5 Bf6 30. Rxh8 Bxh8 31. Bxe4 Ke7 1/2-1/2

[Event "Sygnity Ekstraliga 2016"]
[Site "Gorzow Wlkp. - Wroclaw - Katowice"]
[Date "1899-12-30"]
[Round "4.30"]
[White "Kulon, Klaudia"]
[Black "Jakubiec, Edyta"]
[Result "0-1"]
[WhiteTitle "WGM"]
[BlackTitle "WIM"]
[WhiteElo "2304"]
[BlackElo "2183"]

1. e4 c6 2. d4 d5 3. Nc3 dxe4 4. Nxe4 Nf6 5. Nxf6+ gxf6 6. c3 h5 7. Be2 h4 8. h3
Bf5 9. Bf4 e6 10. Qb3 Qb6 11. Nf3 Nd7 12. O-O O-O-O 13. Nd2 Bh6 14. Bxh6 Rxh6
15. Qxb6 Nxb6 16. Bf3 e5 17. Rfe1 exd4 18. cxd4 Rxd4 19. Nb3 Rd8 20. Re7 Rd7 21.
Rae1 Be6 22. Re8+ Rd8 23. Rxd8+ Kxd8 24. Nc5 Bc8 25. Re4 Kc7 26. Re8 Nc4 27. b3
Nd6 28. Rf8 f5 29. Kf1 b6 30. Nd3 Ba6 31. Ke2 Bxd3+ 32. Kxd3 a5 33. Kd4 b5 34.
a4 Kb6 35. Be2 Rg6 36. Bf1 Re6 37. Bd3 bxa4 38. bxa4 Ne4 39. Rb8+ Kc7 40. Ra8
Nxf2 41. Bxf5 Rd6+ 42. Kc4 Kb6 43. Rb8+ Kc7 44. Rh8 Nd1 45. Be4 Nb2+ 46. Kb3 Nxa4
47. Bf3 Rd4 48. Rh6 Rb4+ 49. Ka3 Rc4 50. Be2 Rf4 51. Bf3 f6 52. Bg4 Nc3 53. Rxh4
Nb5+ 54. Kb2 Rf2+ 55. Kb3 Rxg2 56. Rh7+ Kd6 57. Ka4 Ra2+ 58. Kb3 Ra3+ 59. Kb2
Rg3 60. Rf7 Ke5 61. Re7+ Kd5 62. Rf7 Rg2+ 63. Kb3 Nd4+ 64. Kc3 Rg3+ 65. Kb2 Ke5
66. Ra7 Rg2+ 67. Kb1 f5 68. Rxa5+ Ke4 69. Bh5 Rg3 70. Rc5 Rxh3 71. Bg6 Rh1+ 72.
Kb2 Rh2+ 73. Ka3 Rh6 74. Bf7 f4 75. Kb4 f3 76. Bc4 Rh2 77. Ra5 f2 78. Ra8 Rh5
79. Kc3 Rh3+ 80. Kb4 Rh5 81. Kc3 Nf5 82. Kd2 Ng3 83. Rf8 Rh2 84. Kc3 Ke3 85. Re8+
Ne4+ 86. Kb4 Rh1 87. Rf8 Rb1+ 88. Ka5 Nd2 89. Ba6 c5 90. Re8+ Ne4 91. Rf8 Rb4
92. Bb5 Nd6 93. Bf1 Rb1 94. Bg2 Nc4+ 95. Ka6 Nd2 96. Re8+ Kd3 97. Rd8+ Kc3 98.
Rc8 c4 0-1

[Event "Sygnity Ekstraliga 2016"]
[Site "Gorzow Wlkp. - Wroclaw - Katowice"]
[Date "1899-12-30"]
[Round "5.1"]
[White "Tazbir, Marcin"]
[Black "Bartel, Mateusz"]
[Result "1/2-1/2"]
[WhiteTitle "GM"]
[BlackTitle "GM"]
[WhiteElo "2517"]
[BlackElo "2640"]

1. g3 e5 2. c4 c6 3. Nf3 e4 4. Nd4 d5 5. d3 Nf6 6. Bg2 Bc5 7. Nb3 Bb4+ 8. Bd2 Bxd2+
9. Qxd2 exd3 10. cxd5 Nxd5 11. Qxd3 Nb4 12. Qc3 N8a6 13. a3 Nd5 14. Qxg7 Qf6 15.
Qxf6 Nxf6 16. Na5 Rb8 17. Nc3 Be6 18. b4 Ke7 19. O-O Nc7 20. Na4 Nd7 21. Nc5 Nxc5
22. bxc5 Nd5 23. Rab1 Kd7 24. e4 Nc3 25. Rb2 Kc7 26. Rc1 Rhd8 27. f4 Rd1+ 28.
Rxd1 Nxd1 29. Rd2 Nc3 30. f5 Bd7 31. Rd3 Na4 32. Nb3 b6 33. cxb6+ axb6 34. g4
c5 35. Rh3 Rd8 36. Bf1 b5 37. Kf2 Be8 38. Ke3 Rd1 39. Bd3 Rg1 40. Kf2 Rxg4 41.
Bc2 Kd6 42. Nd2 c4 43. Bxa4 bxa4 44. Nxc4+ Kc5 45. Nd2 Kd4 46. Rxh7 Kc3 47. Ke3
Rg2 48. Rh8 Rxd2 49. Rxe8 Rxh2 50. Re7 f6 51. Re6 Rh6 52. Rb6 Kc4 53. Rb4+ Kc3
54. Rxa4 Rh3+ 55. Kf4 Kd3 56. Rb4 Rh4+ 57. Kf3 Rh3+ 58. Kg4 Rh1 59. a4 Ke3 60.
a5 Ra1 61. Rb6 Rg1+ 62. Kh5 Kxe4 63. Rxf6 Ke5 64. Rf8 Rh1+ 65. Kg6 Rg1+ 66. Kf7
Kxf5 67. a6 Ra1 68. Ra8 Rh1 69. Ke7 Ke5 70. Kd7 Kd5 71. Rg8 Rh6 72. Rg5+ Kc4 73.
Ra5 Rh7+ 74. Ke6 Rh6+ 75. Ke7 Rh7+ 76. Kf6 Ra7 77. Ke6 Kb4 78. Ra1 Kb5 79. Kd5
Rd7+ 80. Ke6 1/2-1/2

[Event "Sygnity Ekstraliga 2016"]
[Site "Gorzow Wlkp. - Wroclaw - Katowice"]
[Date "1899-12-30"]
[Round "5.2"]
[White "Sadzikowski, Daniel"]
[Black "Sliwerski, Radoslaw"]
[Result "1-0"]
[WhiteTitle "IM"]
[BlackTitle "k++"]
[WhiteElo "2548"]
[BlackElo "2089"]

1. Nf3 Nf6 2. c4 e6 3. Nc3 d5 4. d4 Bb4 5. Qa4+ Nc6 6. Bg5 O-O 7. e3 dxc4 8. Bxc4
h6 9. Bxf6 Qxf6 10. O-O Bxc3 11. bxc3 e5 12. Bd5 Bd7 13. Nxe5 Nxe5 14. dxe5 Bxa4
15. exf6 Rfd8 16. Bxb7 Rab8 17. Bf3 Rb2 18. Rfb1 Rb6 19. fxg7 Rd2 20. Rb4 Rb2
21. h3 Bd7 22. Rc4 c6 23. Rd1 Be6 24. Rxc6 Rxa2 25. Rxb6 axb6 26. Bd5 Bxd5 27.
Rxd5 Rc2 28. Rd6 Kxg7 29. Rxb6 Rxc3 30. g4 h5 31. gxh5 Rc5 32. h6+ Kh7 33. Rf6
1-0

[Event "Sygnity Ekstraliga 2016"]
[Site "Gorzow Wlkp. - Wroclaw - Katowice"]
[Date "1899-12-30"]
[Round "5.3"]
[White "Cyborowski, Lukasz"]
[Black "Mastrovasilis, Dimitrios"]
[Result "1-0"]
[WhiteTitle "GM"]
[BlackTitle "GM"]
[WhiteElo "2518"]
[BlackElo "2606"]

1. c4 c6 2. e4 d5 3. exd5 Nf6 4. d4 cxd5 5. Nc3 Nc6 6. Bg5 dxc4 7. d5 Ne5 8. Qd4
h6 9. Bf4 Ng6 10. Bxc4 Nxf4 11. Qxf4 g5 12. Qe3 Bg7 13. Nf3 O-O 14. O-O b5 15.
Nxb5 Ba6 16. Rad1 Bxb5 17. Bxb5 Nxd5 18. Qe4 e6 19. Bc6 Rc8 20. Bxd5 exd5 21.
Rxd5 Qf6 22. h4 gxh4 23. Nxh4 Rfe8 24. Qg4 Rc2 25. Nf5 Rxb2 26. Ra5 Ree2 27. a3
Qg6 28. Qf3 Bf8 29. Rxa7 Bc5 30. Nxh6+ Kh7 31. Rxf7+ Kxh6 32. Qf4+ Qg5 33. Qh2+
1-0

[Event "Sygnity Ekstraliga 2016"]
[Site "Gorzow Wlkp. - Wroclaw - Katowice"]
[Date "1899-12-30"]
[Round "5.4"]
[White "Wieczorek, Oskar"]
[Black "Nurkiewicz, Maciej"]
[Result "1-0"]
[WhiteTitle "IM"]
[BlackTitle "m"]
[WhiteElo "2432"]
[BlackElo "2378"]

1. e4 c6 2. d4 d5 3. e5 Bf5 4. Nf3 e6 5. Be2 Ne7 6. O-O Nd7 7. Nbd2 c5 8. dxc5
Nc6 9. Nb3 Nxc5 10. Bg5 Qc7 11. Nbd4 Be4 12. c4 a6 13. Nxc6 bxc6 14. Rc1 Be7 15.
cxd5 Bxd5 16. Bxe7 Qxe7 17. Qd4 Nd7 18. Qe3 O-O 19. Rfd1 Rfb8 20. b3 a5 21. Nd4
Rc8 22. Bf3 Bxf3 23. Nxf3 c5 24. Rd6 a4 25. Qd3 Nf8 26. h4 axb3 27. axb3 Ra3 28.
h5 h6 29. Qe3 Qb7 30. Rxc5 Rb8 31. Nd4 Ra1+ 32. Kh2 Qe7 33. Nf3 Rb1 34. Rc3 Rb4
35. Rd4 Rb8 36. Rg4 Kh8 37. Rgc4 Rd1 38. Rc7 Rd7 39. Rc8 Rxc8 40. Rxc8 Rd8 41.
Rxd8 Qxd8 42. b4 Qb8 43. Qc5 Kg8 44. b5 Nd7 45. Qc6 Nb6 46. g3 Nd5 47. Kg2 Qa7
48. Qc8+ Kh7 49. Qc4 Kg8 50. Ne1 Qa5 51. Nf3 Qa7 52. Nd4 Qb6 53. Ne2 Qb8 54. Nd4
Qxe5 55. Qc8+ Kh7 56. Qc2+ Kg8 57. Nf3 Qd6 58. Qc8+ Kh7 59. Qc2+ Kg8 60. Qc8+
Kh7 61. Qb7 Kg8 62. Qa8+ Kh7 63. Qa7 Kg8 64. Qa8+ Kh7 65. Qa6 Qb8 66. Qc6 Kg8
67. Nd2 Ne7 68. Qd7 Nd5 69. Nc4 Qa8 70. Kg1 Qa1+ 71. Kg2 Qa8 72. Kh2 Qa2 73. Qc8+
Kh7 74. Qc5 Qc2 75. Qd4 Qa4 76. Qd3+ Kg8 77. Ne5 1-0

[Event "Sygnity Ekstraliga 2016"]
[Site "Gorzow Wlkp. - Wroclaw - Katowice"]
[Date "1899-12-30"]
[Round "5.5"]
[White "Protaziuk, Grzegorz"]
[Black "Dobrowolski, Piotr"]
[Result "1/2-1/2"]
[WhiteTitle "m"]
[BlackTitle "IM"]
[WhiteElo "2344"]
[BlackElo "2433"]

1. e4 c5 2. Nf3 Nc6 3. d4 cxd4 4. Nxd4 Nf6 5. Nc3 d6 6. Bc4 e5 7. Nde2 Be7 8. Bg5
O-O 9. Bxf6 Bxf6 10. O-O Be6 11. Bb3 Rc8 12. Nd5 Bg5 13. c3 Na5 14. Qd3 a6 15.
Kh1 Kh8 16. f4 exf4 17. Nexf4 Bxf4 18. Rxf4 Nc6 19. Ne3 Ne5 20. Qd4 Qe7 21. Raf1
Rfe8 22. Nf5 Bxf5 23. exf5 Qf6 24. Qb6 Nd3 25. R4f3 Nc5 26. Bd5 Re7 27. Qb4 Kg8
28. Kg1 Rce8 29. Qd4 Ne4 30. Re3 Qxd4 31. cxd4 Nf6 32. Rxe7 Rxe7 33. Bf3 Rc7 34.
Re1 Kf8 35. Re2 b6 36. Kf2 a5 37. h3 h6 38. Rd2 Ke7 39. Ke3 d5 40. Kd3 Kd6 1/2-1/2

[Event "Sygnity Ekstraliga 2016"]
[Site "Gorzow Wlkp. - Wroclaw - Katowice"]
[Date "1899-12-30"]
[Round "5.6"]
[White "Zawadzka, Jolanta"]
[Black "Kulon, Klaudia"]
[Result "0-1"]
[WhiteTitle "WGM"]
[BlackTitle "WGM"]
[WhiteElo "2442"]
[BlackElo "2304"]

1. e4 e5 2. Nf3 Nc6 3. Bb5 a6 4. Ba4 Nf6 5. O-O Be7 6. Qe2 b5 7. Bb3 d6 8. c3 O-O
9. Rd1 Na5 10. Bc2 c5 11. d4 Qc7 12. h3 Bd7 13. b3 Rfe8 14. d5 Nb7 15. Nbd2 g6
16. Nf1 Nh5 17. N3h2 c4 18. Qf3 cxb3 19. axb3 b4 20. c4 Nc5 21. Ng4 f6 22. Nh6+
Kh8 23. g4 Nf4 24. Bxf4 exf4 25. Qxf4 Kg7 26. Ng3 a5 27. Kh1 a4 28. Rg1 Rf8 29.
Qe3 Nxb3 30. Bxb3 axb3 31. Nh5+ Kh8 32. Nf7+ Kg8 33. Nh6+ Kh8 34. Nf7+ Kg8 35.
Qh6 Rxf7 36. Rxa8+ Bc8 37. Ng3 g5 38. h4 Bf8 39. Qh5 Qxc4 40. hxg5 b2 41. gxf6
Qc1 42. Ne2 Qc2 43. Qg5+ Kh8 44. Rxc8 Qxc8 45. Qd2 Qc5 46. Qxb2 Qxf2 47. Rg2 Qe1+
48. Kh2 Qh4+ 49. Kg1 Bh6 50. Rg3 Bf4 51. Qxb4 Rxf6 52. Qc3 Be5 53. Qb3 Bxg3 54.
Qxg3 Qg5 55. Kg2 Qd2 0-1

[Event "Sygnity Ekstraliga 2016"]
[Site "Gorzow Wlkp. - Wroclaw - Katowice"]
[Date "1899-12-30"]
[Round "5.7"]
[White "Navara, David"]
[Black "Kveinys, Aloyzas"]
[Result "1-0"]
[WhiteTitle "GM"]
[BlackTitle "GM"]
[WhiteElo "2744"]
[BlackElo "2541"]

1. e4 Nf6 2. e5 Nd5 3. d4 d6 4. Nf3 dxe5 5. Nxe5 c6 6. Be2 Nd7 7. Nf3 g6 8. c4
N5b6 9. Nc3 Bg7 10. O-O O-O 11. Bf4 Nf6 12. Qb3 Bf5 13. a4 Nh5 14. Bg5 Qc7 15.
a5 Nc8 16. Rfe1 Bg4 17. h3 Be6 18. d5 Bd7 19. c5 Nf6 20. Bc4 cxd5 21. Bxd5 Bc6
22. Bxc6 bxc6 23. a6 Rb8 24. Qa4 Nd7 25. Bxe7 Nxe7 26. Rxe7 Bf6 27. Nd5 cxd5 28.
Rxd7 Qxc5 29. Qa5 Rb5 30. Qc7 Qxc7 31. Rxc7 Ra8 32. Rb7 Rxb2 33. Rc1 Kg7 34. Rd7
Bd8 35. Ne5 Bb6 36. Rxf7+ Kg8 37. Rb7 Rf8 38. Kh2 Ra2 39. Nd7 Rfxf2 40. Rc8+ Kg7
41. Ne5+ Kh6 42. Ng4+ Kg5 43. Nxf2 Bxf2 44. Rd8 Ra5 45. Rxh7 Bb6 46. h4+ Kf5 47.
Rd6 Rxa6 48. Rxd5+ Ke4 49. Rg5 Bd8 50. Rg4+ Kf5 51. Kh3 Ra1 52. Rf7+ Bf6 53. Rf8
a5 54. Rg5+ 1-0

[Event "Sygnity Ekstraliga 2016"]
[Site "Gorzow Wlkp. - Wroclaw - Katowice"]
[Date "1899-12-30"]
[Round "5.8"]
[White "Dziuba, Marcin"]
[Black "Areshchenko, Alexander"]
[Result "1/2-1/2"]
[WhiteTitle "GM"]
[BlackTitle "GM"]
[WhiteElo "2566"]
[BlackElo "2654"]

1. d4 Nf6 2. c4 g6 3. g3 c6 4. Nf3 d5 5. b3 Bg7 6. Bg2 O-O 7. O-O dxc4 8. bxc4
c5 9. Bb2 cxd4 10. Nxd4 Qb6 11. Qc1 Bd7 12. Nd2 Nc6 13. e3 Rac8 14. Bc3 Qa6 15.
Qb2 b6 16. N4b3 Qa4 17. a3 Rfd8 18. Rac1 Be6 19. c5 Qb5 20. cxb6 Qxb6 21. Bxc6
Qxc6 22. Nd4 Qd5 23. Nxe6 Qxe6 24. Bd4 Ne8 25. Rxc8 Rxc8 26. Bxg7 Nxg7 27. Rc1
Rxc1+ 28. Qxc1 Qd7 29. Qc3 Ne6 30. h4 f6 31. Kf1 Kf7 32. Ke2 Qb5+ 1/2-1/2

[Event "Sygnity Ekstraliga 2016"]
[Site "Gorzow Wlkp. - Wroclaw - Katowice"]
[Date "1899-12-30"]
[Round "5.10"]
[White "Jakubiec, Artur"]
[Black "Gajewski, Grzegorz"]
[Result "1/2-1/2"]
[WhiteTitle "GM"]
[BlackTitle "GM"]
[WhiteElo "2515"]
[BlackElo "2610"]

1. e4 e5 2. Nf3 Nc6 3. Bc4 Bc5 4. d3 Nf6 5. O-O d6 6. Bb3 O-O 7. c3 Bb6 8. a4 a5
9. Nbd2 Be6 10. Nc4 Bxc4 11. Bxc4 Ne7 12. Bg5 c6 13. Bxf6 gxf6 14. Nh4 d5 15.
Bb3 Kh8 16. Qf3 Qd6 17. Rad1 Qe6 18. c4 dxe4 19. dxe4 Bc5 20. Rd3 Rg8 21. Rfd1
Ng6 22. Nxg6+ hxg6 23. Rd6 Qe7 24. Rd7 Qe6 25. R7d6 Qe7 26. Qh3+ Kg7 27. Rd7 Qe8
28. Rxb7 Rb8 29. Rdd7 Rxb7 30. Rxb7 Qc8 31. Qxc8 Rxc8 32. Kf1 f5 33. Ke2 Rd8 34.
Bc2 Bb4 35. Bd3 Rd4 36. f3 fxe4 37. Bxe4 Rd2+ 38. Ke3 Rxg2 39. Bxc6 Rxb2 40. Bd5
Bc5+ 1/2-1/2

[Event "Sygnity Ekstraliga 2016"]
[Site "Gorzow Wlkp. - Wroclaw - Katowice"]
[Date "1899-12-30"]
[Round "5.11"]
[White "Socko, Bartosz"]
[Black "Pakleza, Zbigniew"]
[Result "1-0"]
[WhiteTitle "GM"]
[BlackTitle "GM"]
[WhiteElo "2594"]
[BlackElo "2506"]

1. d4 d5 2. c4 c6 3. cxd5 cxd5 4. Nc3 Nf6 5. Bf4 e6 6. e3 Bd6 7. Bxd6 Qxd6 8. f4
O-O 9. Nf3 b6 10. Nb5 Qb4+ 11. Qd2 Qe7 12. Rc1 Ne4 13. Qd1 Qb4+ 14. Nd2 a6 15.
Nc3 Qxb2 16. Ncxe4 dxe4 17. Rb1 Qc3 18. Qb3 Qxb3 19. Rxb3 Nd7 20. Nxe4 Bb7 21.
Nc3 Rfc8 22. Kd2 Nf6 23. Rg1 b5 24. Bd3 h5 25. h3 h4 26. e4 Rc7 27. Ke3 Rac8 28.
Ne2 Rc2 29. Bxc2 Rxc2 30. a4 Nxe4 31. Rc1 Ra2 32. axb5 axb5 33. f5 exf5 34. Rc7
Nd6 35. Rd7 Bd5 36. Rb1 Nc4+ 37. Kf2 Bxg2 38. Kxg2 Rxe2+ 39. Kf3 Re3+ 40. Kf4
Rxh3 41. Rxb5 Rh1 42. Kxf5 h3 43. Kf4 f5 44. Rbb7 Kh8 45. Rxg7 Rf1+ 46. Kg5 Nd6
47. Rh7+ Kg8 48. Rbg7+ Kf8 1-0

[Event "Sygnity Ekstraliga 2016"]
[Site "Gorzow Wlkp. - Wroclaw - Katowice"]
[Date "1899-12-30"]
[Round "5.13"]
[White "Luch, Michal"]
[Black "Tomczak, Jacek"]
[Result "0-1"]
[WhiteTitle "IM"]
[BlackTitle "GM"]
[WhiteElo "2445"]
[BlackElo "2588"]

1. d4 Nf6 2. c4 e6 3. Nc3 Bb4 4. Qc2 d5 5. a3 Bxc3+ 6. Qxc3 c5 7. dxc5 d4 8. Qg3
Nc6 9. Nf3 e5 10. Bg5 O-O 11. Nd2 Bf5 12. Qf3 Bg6 13. Bxf6 gxf6 14. Rd1 f5 15.
h4 e4 16. Qf4 h5 17. e3 Re8 18. Rh3 Ne5 19. Rg3 Ng4 20. Be2 d3 21. Bxg4 fxg4 22.
Kf1 Qxh4 23. Kg1 Qe7 24. Qh6 Qxc5 25. Re1 Qe5 26. Rb1 Re6 27. Qf4 f5 28. Qh6 Qg7
29. Qg5 Qe7 30. Qf4 h4 0-1

[Event "Sygnity Ekstraliga 2016"]
[Site "Gorzow Wlkp. - Wroclaw - Katowice"]
[Date "1899-12-30"]
[Round "5.14"]
[White "Olszewski, Michal"]
[Black "Butkiewicz, Lukasz"]
[Result "0-1"]
[WhiteTitle "GM"]
[BlackTitle "IM"]
[WhiteElo "2548"]
[BlackElo "2429"]

1. d4 Nf6 2. c4 e6 3. Nf3 c5 4. d5 b5 5. dxe6 fxe6 6. cxb5 d5 7. Nc3 Nbd7 8. e4
d4 9. e5 Ng4 10. Ne4 Bb7 11. Nfg5 Ndxe5 12. f4 Bxe4 13. Nxe4 Qd5 14. Ng5 c4 15.
Qa4 d3 16. Bd2 Bc5 17. O-O-O Nd7 18. Re1 O-O 19. Qa6 Bb6 20. Ne4 Rae8 21. Nc3
Qd6 22. g3 e5 23. Bg2 Nc5 24. Qa3 exf4 25. gxf4 Nf2 26. Rhf1 Rxe1+ 27. Rxe1 Rxf4
28. Bd5+ Kf8 29. Re6 Qb8 30. Be3 d2+ 31. Kxd2 Nfd3 32. Ne4 Rxe4 33. Rxe4 Qxh2+
34. Kc3 Qg3 35. Bxc4 Qe1+ 36. Kd4 Nxb2 37. Kd5 Qd1+ 38. Bd4 Nxc4 39. Rf4+ Kg8
40. Qf3 Qxf3+ 41. Rxf3 Nd2 42. Rg3 g6 43. Rg2 Nde4 44. a4 Kf7 45. Ra2 Ne6 46.
Be5 Nf6+ 47. Bxf6 Kxf6 48. a5 Be3 49. Ra3 Bf4 50. Rc3 Kf5 51. b6 axb6 52. axb6
h5 53. Rc8 h4 54. Rh8 g5 55. b7 Nc7+ 56. Kc6 Na6 57. Kb6 Nb8 58. Ka7 Nd7 59. Ka8
Kg4 60. Rd8 Nc5 61. b8=Q Bxb8 62. Kxb8 h3 63. Rh8 Kg3 64. Kc7 Ne4 65. Kc6 Kg2
66. Kd5 Nf2 67. Ke5 0-1